00899nam a22002657a 4500003000500000005001700005008004100022010001000063011001000073035001000083040000900093100003400102245011600136260004000252300002200292502007500314650003600389650004700425650003600472650003300508650001900541650002400560650001400584700003500598CHAP20220329141035.0971013s1996 r 00010 d a61714 a62686 a66861 cCHAP00aBarrón Gutiérrez, Saúl. aEfecto de la suplementación de treonina en una dieta a base de sorgo-pasta de soya para cerdos en crecimiento aChapingo, Méx. :bEl autor,c1996 a44 h.b; gráfs. aTesis (Ing. Agr. Esp. en Zootecnia) -- UACH. Departamento de Zootecnia14aGanado porcinoxAlimentación.14aGanado porcinoxEfecto del medio ambiente.14aGanado porcinoxMéxico (Edo.)14aGanado porcinoxNutrición.14aPasta de soya.14aSorgo como forraje.14aTreonina.0 aCastro Romero, José Alfredo.